More Movie Couples by Silhouette Quiz Stats

 Plays Quiz Updated May 17, 2015

Challenge
Share
Tweet
Score 0/24 Timer 08:00
5 Plays Today
% Correct
Marlin and Dory, Finding Nemo
94%
Timon and Pumbaa, The Lion King
93%
Edward and Kim, Edward Scissorhands
92%
Gru and Carl, Despicable Me
85.9%
Jesse and Willy, Free Willy
72.8%
Robert Neville and Sam, I Am Legend
67.1%
Tod and Copper, The Fox and the Hound
63%
Freddy and Jason, Freddy vs Jason
60.5%
Ralph and Vanellope, Wreck-It Ralph
58.5%
Donnie and Frank, Donnie Darko
58%
Chuck and Wilson, Cast Away
57.9%
Jake and Elwood, Blues Brothers
55.7%
% Correct
Mary and Bert, Mary Poppins
47.8%
Tony Montana and his Little Friend, Scarface
46.7%
Tyler and...er...Tyler? Fight Club
44.5%
Thor and Loki, Thor
41.8%
Harry and Sally, When Harry Met Sally
38.8%
Marcus and Mike, Bad Boys
34.2%
James and Artemus, Wild Wild West
32.3%
Maggie and Frankie, Million Dollar Baby
31.4%
John Connor and T-800, Terminator 2
31.3%
Ed and Shaun, Shaun of the Dead
29.1%
Lois and Clark, Superman
28.5%
Puss and Donkey, Shrek
17.7%

You're not logged in!

Compare scores with friends on all Sporcle quizzes.
OR
Log In

You Might Also Like...

Show Comments

Extras

Top Quizzes Today


Score Distribution

Your Account Isn't Verified!

In order to create a playlist on Sporcle, you need to verify the email address you used during registration. Go to your Sporcle Settings to finish the process.

Report this User

Report this user for behavior that violates our Community Guidelines.

Details: